The role and impact of the Internet on library and information services / (Record no. 643)

000 -LEADER
fixed length control field 02869cam a2200289 a 4500
001 - CONTROL NUMBER
control field 12346808
003 - CONTROL NUMBER IDENTIFIER
control field OSt
005 - DATE AND TIME OF LATEST TRANSACTION
control field 20140116120834.0
008 - FIXED-LENGTH DATA ELEMENTS--GENERAL INFORMATION
fixed length control field 010314s2001 ctu b 001 0 eng
020 ## - INTERNATIONAL STANDARD BOOK NUMBER
International Standard Book Number 9780313309205
040 ## - CATALOGING SOURCE
Transcribing agency DLC
050 00 - LIBRARY OF CONGRESS CALL NUMBER
Classification number Z674.75.I58R65 2001
245 04 - TITLE STATEMENT
Title The role and impact of the Internet on library and information services /
Statement of responsibility, etc Lewis-Guodo Liu, editor.
260 ## - PUBLICATION, DISTRIBUTION, ETC. (IMPRINT)
Place of publication, distribution, etc Westport, Conn. :
Name of publisher, distributor, etc Greenwood Press,
Date of publication, distribution, etc 2001.
300 ## - PHYSICAL DESCRIPTION
Extent xvi, 334 p.
440 #0 - SERIES STATEMENT/ADDED ENTRY--TITLE
Title Contributions in librarianship and information science,
Volume number/sequential designation no. 96
504 ## - BIBLIOGRAPHY, ETC. NOTE
Bibliography, etc Includes bibliographical references and indexes.
505 8# - FORMATTED CONTENTS NOTE
Formatted contents note Machine generated contents note: I. The development of internet -- Chapter One -- A Brief History of the Internet -- Barry M. Leiner, Vinton G. Cerf, David D. Clark, Robert E. Kahn, -- Leonard Kleinrock, Daniel C. Lynch, Jon Postel, Larry G. Roberts, -- and Stephen Wolff -- II. THE IMPACT OF THE INTERNET ON LIBRARY -- OPERATIONS -- Chapter Two -- 'rhe Impact of the Internet on the Administration of Libraries -- Arthur Downing -- Chapter Three -- The Internet and Collection Management in Academic Libraries: -- Opportunities and Challenges -- Thomas E. Nisonger -- Chapter Four -- 'I'he Impact of the Internet on Cataloging -- William J. Wheeler and Matthew Beacom -- Chapter Five -- The Impact of the Internet on Interlibrary Loan and -- Document Delivery Practice -- Cindy Kristof -- Chapter Six -- Information Services in Electronic Communities -- Bryce Allen -- Chapter Seven -- Bibliographic Instruction on the Internet -- Gillian Allen -- III. THE IMPACT OF THE INTERNET ON LIBRARY AND -- INFORMATION SERVICES -- Chapter Eight -- The Emergence of Business Information Resources and Services -- on the Internet and Its Impact on Business Librarianship -- Lewis-Guodo Liu -- Chapter Nine -- The Internet and Government Information Services -- Sherry Engel -- Chapter Ten -- The Internet and Information Services for the Sciences -- Carolyn Mills and Jonathan Nabe -- Chapter Eleven -- The Changing Role of the Academic Media Center in the Age of -- the Internet -- Mary Schneider Laskowski -- Chapter Twelve -- Archives and the Internet -- Sandra Roff and Anthony M. Cucchiara -- IV. INTERNET TRAINING IN LIBRARIES -- Chapter Thirteen -- Internet Training -- D. Scott Brandt -- Contents -- Author Index -- Subject Index -- About the Editor and Contributors.
650 #0 - SUBJECT ADDED ENTRY--TOPICAL TERM
Topical term or geographic name as entry element Library information networks.
650 #0 - SUBJECT ADDED ENTRY--TOPICAL TERM
Topical term or geographic name as entry element Internet.
650 #0 - SUBJECT ADDED ENTRY--TOPICAL TERM
Topical term or geographic name as entry element Libraries and the Internet.
700 1# - ADDED ENTRY--PERSONAL NAME
Personal name Liu, Lewis-Guodo.
856 41 - ELECTRONIC LOCATION AND ACCESS
Materials specified Table of contents
Uniform Resource Identifier <a href="http://www.loc.gov/catdir/toc/fy02/2001023873.html">http://www.loc.gov/catdir/toc/fy02/2001023873.html</a>
906 ## - LOCAL DATA ELEMENT F, LDF (RLIN)
a 7
b cbc
c orignew
d 1
e ocip
f 20
g y-gencatlg
942 ## - ADDED ENTRY ELEMENTS (KOHA)
Source of classification or shelving scheme
Koha item type Book
Holdings
Withdrawn status Lost status Source of classification or shelving scheme Damaged status Not for loan Home library Current library Date acquired Source of acquisition Total Checkouts Full call number Barcode Date last seen Copy number Price effective from Koha item type
          Riara University Library Riara University Library 25/10/2011 Purchase   Z674.75.I58R65 2001 2831/11 25/10/2011 C.1 25/10/2011 Book
          Riara University Library Riara University Library 25/10/2011 Purchase   Z674.75.I58R65 2001 2832/11 25/10/2011 C.2 25/10/2011 Book
          Riara University Library Riara University Library 25/10/2011 Purchase   Z674.75.I58R65 2001 2833/11 25/10/2011 C.3 25/10/2011 Book

Riara University Library,
P.O. Box 49940-00100,
Nairobi, Kenya.